Score 0/18 Timer 03:00
1 Play Today
Question Answer Wrong Answers
Rockin' Around the Christmas Tree Santa
96.9%
Jesus
0.5%
O Little Town of Bethlehem Jesus
96.9%
Santa
0.6%
All I Want for Christmas Is You Santa
96.9%
Jesus
0.8%
I Saw Mommy Kissing Santa Claus Santa
96.7%
Jesus
0.5%
Grandma Got Run Over by a Reindeer Santa
96.7%
Jesus
0.5%
Run Rudolph Run Santa
96.6%
Jesus
0.8%
Winter Wonderland Santa
96.2%
Jesus
0.9%
O Come, O Come, Emmanuel Jesus
96%
Santa
1.4%
Away in a Manger Jesus
95.8%
Santa
1.8%
Please Come Home for Christmas Santa
95.3%
Jesus
2.2%
Mary, Did You Know? Jesus
95.2%
Santa
2.2%
Have Yourself a Merry Little Christmas Santa
93.9%
Jesus
3.4%
Joy to the World Jesus
92.8%
Santa
4.7%
It Came Upon a Midnight Clear Jesus
89.4%
Santa
8.1%
That's Christmas to Me Santa
85.3%
Jesus
12%
Do You Hear What I Hear? Jesus
82.5%
Santa
15%
Christmas Offering Jesus
80.3%
Santa
17%
The Holly and the Ivy Jesus
46.1%
Santa
51.6%

Today's Daily Dose

You're not logged in!

Compare scores with friends on all Sporcle quizzes.
OR
Log In

Sporcle TV

Today on Sporcle TV


Watch our educational content, quiz creation guides, and fun videos on Sporcle TV.

Show Comments

Extras

Top Quizzes Today


Score Distribution

Paid Content

Your Account Isn't Verified!

In order to create a playlist on Sporcle, you need to verify the email address you used during registration. Go to your Sporcle Settings to finish the process.

Report this User

Report this user for behavior that violates our Community Guidelines.

Details: